NFL QBs 2019 - Statistics

General Stats
  • This quiz has been taken 137 times
    120 since last reset
  • The average score is 25 of 32
Answer Stats
Hint Answer % Correct
Patriots Tom Brady
100%
Bills Josh Allen
94%
Panthers Kyle Allen
94%
Packers Aaron Rodgers
93%
Chiefs Patrick Mahomes II
92%
Cowboys Dak Prescott
91%
Ravens Lamar Jackson
91%
Titans Ryan Tannehill
89%
Chargers Phillip Rivers
87%
Seahawks Russell Wilson
87%
Saints Drew Brees
86%
Rams Jared Goff
86%
Vikings Kirk Cousins
86%
Eagles Carson Wentz
85%
Cardinals Kyler Murray
84%
Falcons Matt Ryan
84%
Raiders Derek Carr
83%
49ers Jimmy Garoppolo
83%
Browns Baker Mayfield
82%
Giants Daniel Jones
81%
Texans Deshaun Watson
81%
Bengals Andy Dalton
80%
Buccaneers Jameis Winston
80%
Dolphins Ryan Fitzpatrick
75%
Bears Mitch Trubisky
72%
Jets Sam Darnold
65%
Redskins Dwayne Haskins
60%
Broncos Joe Flacco
54%
Jaguars Nick Foles
52%
Colts Jacoby Brissett
51%
Steelers Devlin Hodges
25%
Lions Jeff Driskel
14%
No matching quizzes found
Score Distribution
Percent of People with Each Score
Percentile by Number Answered
Your Score History
You have not taken this quiz since the last reset